[Event "41st IT Bosna 2011"]
[Site "Sarajevo"]
[Date "2011.05.06"]
[Round "4.3"]
[White "Melkumyan, Hrant"]
[Black "Can, Emre"]
[Result "1-0"]
[WhiteElo "2580"]
[BlackElo "2487"]
[PlyCount "101"]
[EventDate "2011.05.03"]

1. d4 Nf6 2. c4 e6 3. g3 d5 4. Nf3 Be7 5. Bg2 O-O 6. O-O dxc4 7. Qc2 b5 8. a4
b4 9. Nfd2 Nd5 10. Nxc4 c5 11. dxc5 Bxc5 12. Nbd2 Nd7 13. e4 N5b6 14. e5 Nd5
15. Ne4 Be7 16. b3 Ba6 17. Bb2 Rc8 18. Rfd1 N7b6 19. Bf1 Qc7 20. Rac1 Rfd8 21.
Ned6 Bxd6 22. exd6 Qc6 23. Qe4 Nxc4 24. Bxc4 Bxc4 25. Qd4 f6 26. bxc4 Nb6 27.
Qg4 Kf7 28. Qh5+ Kg8 29. Qg4 Kf7 30. Re1 Qd7 31. c5 Nxa4 32. Qxb4 Rb8 33. Qe4
f5 34. Qh4 Rxb2 35. Red1 Nxc5 36. Rxc5 Rb7 37. Qxh7 Qa4 38. Rdc1 Rbd7 39. Rc7
Qg4 40. h3 Qg5 41. Rxd7+ Rxd7 42. Rc8 Rxd6 43. Rc7+ Kf6 44. Qg8 f4 45. Rf7+ Ke5
46. Rxf4 Qe7 47. Rf7 Rd1+ 48. Kg2 Qd8 49. Qxg7+ Kd6 50. Rxa7 Qc8 51. Qe7+ 1-0

[Event "41st IT Bosna 2011"]
[Site "Sarajevo"]
[Date "2011.05.06"]
[Round "4.4"]
[White "Lafuente, Pablo"]
[Black "Naiditsch, Arkadij"]
[Result "0-1"]
[WhiteElo "2555"]
[BlackElo "2716"]
[PlyCount "62"]
[EventDate "2011.05.03"]

1. d4 Nf6 2. c4 e6 3. Nc3 Bb4 4. e3 O-O 5. Nge2 d5 6. a3 Bd6 7. cxd5 exd5 8. g3
c6 9. Bg2 h5 10. O-O Re8 11. Qc2 h4 12. e4 Nxe4 13. Nxe4 dxe4 14. Bxe4 Bh3 15.
Re1 Nd7 16. Bf4 Nf6 17. Bf3 Nh7 18. Qd2 Qf6 19. Bh1 Rad8 20. Bxd6 Rxd6 21. d5
hxg3 22. hxg3 cxd5 23. Nf4 Rxe1+ 24. Rxe1 Ng5 25. Qb4 Bg4 26. Qxb7 Kh7 27. Qb3
d4 28. Bg2 d3 29. Nxd3 Nf3+ 30. Bxf3 Qxf3 31. Re3 Rh6 0-1

[Event "41st IT Bosna 2011"]
[Site "Sarajevo"]
[Date "2011.05.06"]
[Round "4.5"]
[White "Jobava, Baadur"]
[Black "Kovacevic, Aleksandar"]
[Result "1-0"]
[WhiteElo "2704"]
[BlackElo "2575"]
[PlyCount "55"]
[EventDate "2011.05.03"]

1. d4 Nf6 2. c4 e6 3. Nf3 b6 4. a3 Bb7 5. Nc3 d5 6. Qc2 Nbd7 7. cxd5 Nxd5 8.
Nxd5 Bxd5 9. Bg5 Be7 10. Bxe7 Kxe7 11. e4 Bb7 12. Bb5 Nf6 13. Bc6 Bxc6 14. Qxc6
Qd7 15. Qc2 c5 16. Rd1 Rac8 17. O-O cxd4 18. Qd3 Qc7 19. e5 Nd5 20. Nxd4 Qxe5
21. Rfe1 Qh5 22. f4 g6 23. f5 gxf5 24. Nxe6 fxe6 25. Qxd5 Qf7 26. Qb7+ Kf6 27.
Rd7 Qg6 28. Re7 1-0

[Event "41st IT Bosna 2011"]
[Site "Sarajevo"]
[Date "2011.05.06"]
[Round "4.6"]
[White "Lupulescu, Constantin"]
[Black "Esen, Baris"]
[Result "1/2-1/2"]
[WhiteElo "2638"]
[BlackElo "2553"]
[PlyCount "57"]
[EventDate "2011.05.03"]

1. d4 d5 2. c4 c6 3. Nf3 Nf6 4. Nc3 e6 5. Bg5 Nbd7 6. e3 Qa5 7. Nd2 Bb4 8. Qc2
O-O 9. Be2 dxc4 10. Bxf6 Nxf6 11. Nxc4 Qc7 12. O-O Rd8 13. Rac1 Bd7 14. a3 Bf8
15. b4 Be8 16. Rfd1 Rac8 17. e4 Nd7 18. e5 f6 19. exf6 gxf6 20. Bd3 f5 21. Qe2
Bf7 22. Qe3 Bg7 23. Ne2 Re8 24. Qh3 Nf8 25. f4 Ng6 26. Qf3 Rcd8 27. Qf2 Qe7 28.
Bb1 Rd7 29. Rd3 1/2-1/2

[Event "41st IT Bosna 2011"]
[Site "Sarajevo"]
[Date "2011.05.06"]
[Round "4.7"]
[White "Predojevic, Borki"]
[Black "Prohaszka, Peter"]
[Result "1-0"]
[WhiteElo "2617"]
[BlackElo "2547"]
[PlyCount "79"]
[EventDate "2011.05.03"]

1. e4 c6 2. Nc3 d5 3. Qe2 dxe4 4. Nxe4 Bf5 5. d3 e6 6. g4 Bxe4 7. dxe4 Nd7 8.
Bd2 Qb6 9. O-O-O Bb4 10. Nf3 O-O-O 11. c3 Bc5 12. Bf4 Ngf6 13. Nd2 e5 14. Bg3
h6 15. Qf3 Nh7 16. Qxf7 Ng5 17. Qxg7 Rh7 18. Qg6 Bxf2 19. Bxf2 Qxf2 20. h4 Qf7
21. Qf5 Ne6 22. Bc4 Re8 23. Rhf1 Qg8 24. Nf3 Rhe7 25. Rxd7 Kxd7 26. Nxe5+ Kc7
27. Ng6 Rg7 28. Nf4 Rge7 29. Nxe6+ Rxe6 30. Bxe6 Rxe6 31. Kc2 Qe8 32. Qf7+ Kd6
33. Qxe8 Rxe8 34. Kd3 Ke6 35. Ke3 Rg8 36. Rg1 Rh8 37. Rg2 Ke5 38. Rf2 Ke6 39.
Rf5 Rg8 40. Kf4 1-0

[Event "41st IT Bosna 2011"]
[Site "Sarajevo"]
[Date "2011.05.06"]
[Round "4.8"]
[White "Georgiev, Kiril"]
[Black "Berczes, David"]
[Result "1/2-1/2"]
[WhiteElo "2656"]
[BlackElo "2531"]
[PlyCount "65"]
[EventDate "2011.05.03"]

1. d4 d5 2. c4 c6 3. Nf3 Nf6 4. Nc3 e6 5. Qd3 dxc4 6. Qxc4 b5 7. Qd3 Nbd7 8. e4
b4 9. Na4 Bb7 10. Be3 Qa5 11. b3 c5 12. Nd2 cxd4 13. Bxd4 Be7 14. Qb5 Qc7 15.
Be2 Nxe4 16. Nxe4 Bxe4 17. O-O a6 18. Qh5 e5 19. Bf3 Qc6 20. Bxe4 Qxe4 21. Bb2
O-O 22. Rae1 Qd5 23. Re3 Rfd8 24. Rfe1 Bf6 25. f4 g6 26. Qd1 Qc6 27. fxe5 Nxe5
28. Qe2 Nd7 29. Rc1 Qb5 30. h3 Qxe2 31. Rxe2 Bxb2 32. Nxb2 Nf6 33. Rc6 1/2-1/2

[Event "41st IT Bosna 2011"]
[Site "Sarajevo"]
[Date "2011.05.06"]
[Round "4.9"]
[White "Bejtovic, Jasmin"]
[Black "Smeets, Jan"]
[Result "1-0"]
[WhiteElo "2413"]
[BlackElo "2647"]
[PlyCount "67"]
[EventDate "2011.05.03"]

1. e4 c5 2. Nf3 d6 3. d4 cxd4 4. Nxd4 Nf6 5. Nc3 a6 6. Bc4 e6 7. Bb3 Nbd7 8. f4
Nc5 9. O-O Ncxe4 10. Nxe4 Nxe4 11. f5 e5 12. Qh5 d5 13. Re1 Qc7 14. Bxd5 Nf6
15. Bxf7+ Qxf7 16. Rxe5+ Be7 17. Qe2 Kf8 18. Bg5 Bd7 19. Re1 Re8 20. Kh1 h6 21.
Bh4 Bd6 22. Bxf6 gxf6 23. Ne6+ Bxe6 24. fxe6 Qe7 25. Rf5 Rg8 26. Qh5 Kg7 27.
Qh4 Rgf8 28. Re4 Rg8 29. Rg4+ Kh7 30. Rh5 Qf8 31. Rxg8 Kxg8 32. Rxh6 Qg7 33.
Qh3 f5 34. Qh5 1-0

[Event "41st IT Bosna 2011"]
[Site "Sarajevo"]
[Date "2011.05.06"]
[Round "4.10"]
[White "Trkulja, Goran"]
[Black "Parligras, Mircea-Emilian"]
[Result "0-1"]
[WhiteElo "2379"]
[BlackElo "2626"]
[PlyCount "88"]
[EventDate "2011.05.03"]

1. e4 c5 2. Nf3 d6 3. d4 cxd4 4. Qxd4 Nc6 5. Bb5 Bd7 6. Bxc6 Bxc6 7. Nc3 Nf6 8.
Bg5 e6 9. O-O-O Be7 10. e5 dxe5 11. Qxe5 Qb8 12. Bf4 Qxe5 13. Bxe5 O-O 14. Nd4
Bxg2 15. Rhg1 Bc6 16. Nxc6 bxc6 17. Rd4 g6 18. Rc4 Rfc8 19. Rd1 Kf8 20. Bxf6
Bxf6 21. Rd7 Rd8 22. Rb7 Be5 23. h3 a5 24. f3 Rd4 25. Rc5 Bf4+ 26. Kb1 Ra6 27.
a3 Bd6 28. Rg5 Rf4 29. Ne4 Be7 30. Rg3 h5 31. Nd2 a4 32. c3 Ra5 33. Kc2 Re5 34.
Rg2 Rh4 35. Rh2 Rf5 36. Rb8+ Kg7 37. Rb7 Bg5 38. Rb4 Rhf4 39. c4 Ra5 40. Rb6 c5
41. Rb5 Rxc4+ 42. Nxc4 Rxb5 43. Rh1 Rb3 44. Rf1 Bf6 0-1

[Event "41st IT Bosna 2011"]
[Site "Sarajevo"]
[Date "2011.05.06"]
[Round "4.11"]
[White "Perunovic, Milos"]
[Black "Dumpor, Atif"]
[Result "1/2-1/2"]
[WhiteElo "2578"]
[BlackElo "2383"]
[PlyCount "32"]
[EventDate "2011.05.03"]

1. e4 d6 2. d4 Nf6 3. Nc3 g6 4. Bg5 c6 5. Qd2 Qa5 6. f4 Bg7 7. Nf3 b5 8. Bd3 b4
9. Ne2 d5 10. Bxf6 exf6 11. exd5 cxd5 12. Qe3+ Kd8 13. O-O Nc6 14. a3 Qb6 15.
f5 Re8 16. Qf4 Ne5 1/2-1/2

[Event "41st IT Bosna 2011"]
[Site "Sarajevo"]
[Date "2011.05.06"]
[Round "4.12"]
[White "Saric, Ibro"]
[Black "Slingerland, Fred"]
[Result "1-0"]
[WhiteElo "2549"]
[BlackElo "2415"]
[PlyCount "87"]
[EventDate "2011.05.03"]

1. Nf3 d5 2. g3 Nf6 3. Bg2 c5 4. O-O g6 5. d4 cxd4 6. Nxd4 Bg7 7. Nb3 O-O 8.
Nc3 e6 9. e4 dxe4 10. Qxd8 Rxd8 11. Nxe4 Nxe4 12. Bxe4 Nc6 13. c3 e5 14. Bg5 f6
15. Be3 f5 16. Bxc6 bxc6 17. Na5 Bd7 18. Rfd1 Be8 19. Rxd8 Rxd8 20. Bxa7 Ra8
21. Bb6 Rb8 22. Be3 Rxb2 23. Nc4 Rb8 24. a4 Ra8 25. a5 Bf7 26. Nd6 e4 27. a6
Bxc3 28. Rc1 Be5 29. Nxf7 Kxf7 30. Rxc6 Ke7 31. a7 Kd7 32. Ra6 Bd6 33. Kf1 Kc7
34. Ke2 Be7 35. h4 Bd8 36. h5 Kb7 37. Re6 gxh5 38. Rh6 f4 39. Rxh7+ Ka6 40.
gxf4 h4 41. f5 Kb5 42. Rh8 h3 43. Rxh3 Bb6 44. Rh7 1-0

[Event "41st IT Bosna 2011"]
[Site "Sarajevo"]
[Date "2011.05.06"]
[Round "4.13"]
[White "Nevednichy, Vladislav"]
[Black "Kislik, Erik Andrew"]
[Result "1-0"]
[WhiteElo "2542"]
[BlackElo "2347"]
[PlyCount "113"]
[EventDate "2011.05.03"]

1. e4 e5 2. Bc4 Nf6 3. d3 Nc6 4. Nf3 Bc5 5. Bb3 d6 6. c3 a6 7. h3 Ba7 8. Nbd2
Be6 9. Bc2 d5 10. O-O dxe4 11. dxe4 O-O 12. Re1 Ne8 13. Bb3 Qe7 14. Bd5 f6 15.
Qb3 Nd8 16. Nc4 c6 17. Bxe6+ Qxe6 18. Be3 Bxe3 19. Rxe3 b5 20. Nb6 Ra7 21. Rd3
Qxb3 22. axb3 Ne6 23. b4 Rff7 24. Rad1 Rfc7 25. Nd7 Kf7 26. g3 Ke7 27. Nb8 Nf8
28. Nh4 g6 29. f4 exf4 30. gxf4 Nd7 31. Nxd7 Rxd7 32. Nf3 Rxd3 33. Rxd3 Ng7 34.
Kf2 Ne6 35. Ke3 a5 36. f5 gxf5 37. exf5 Nd8 38. bxa5 Rxa5 39. Rd4 Ra2 40. Rh4
Rxb2 41. Rxh7+ Kd6 42. Nd2 c5 43. h4 Ra2 44. Ne4+ Ke5 45. Rc7 Kxf5 46. Rxc5+
Kg4 47. Nxf6+ Kg3 48. h5 Ra6 49. Rf5 Re6+ 50. Kd4 Rd6+ 51. Ke3 Re6+ 52. Kd3
Rd6+ 53. Kc2 Rc6 54. h6 Ne6 55. h7 Rc8 56. Re5 Nd4+ 57. Kb2 1-0

[Event "41st IT Bosna 2011"]
[Site "Sarajevo"]
[Date "2011.05.06"]
[Round "4.14"]
[White "Konjicanin, Muris"]
[Black "Grandelius, Nils"]
[Result "0-1"]
[WhiteElo "2261"]
[BlackElo "2541"]
[PlyCount "80"]
[EventDate "2011.05.03"]

1. d4 d5 2. c4 e6 3. Nc3 Bb4 4. Nf3 Nf6 5. Qb3 c5 6. dxc5 Nc6 7. e3 Ne4 8. Be2
Bxc3+ 9. bxc3 Nxc5 10. Qc2 dxc4 11. Bxc4 Na5 12. Ba3 Nxc4 13. Bxc5 Qd5 14. Ba3
Nxa3 15. Qa4+ Bd7 16. Qxa3 Bb5 17. Rd1 Qc4 18. Nd4 Ba6 19. f4 Rc8 20. Kf2 Rc5
21. Rc1 O-O 22. Rhd1 Rfc8 23. Rd2 h6 24. h3 Rd5 25. Qb3 Qc7 26. Nf3 Rxd2+ 27.
Nxd2 Rd8 28. Nf3 Rd3 29. Qb4 Bc4 30. Rc2 a5 31. Qb1 Qc5 32. Qe1 Qd5 33. Qb1 Rd1
34. Qb2 Qd3 35. a3 b5 36. Rd2 Rf1+ 37. Kg3 Qxe3 38. Rd8+ Kh7 39. Qc2+ g6 40.
Rd7 Kg7 0-1

[Event "41st IT Bosna 2011"]
[Site "Sarajevo"]
[Date "2011.05.06"]
[Round "4.15"]
[White "Sebenik, Matej"]
[Black "Bistric, Faruk"]
[Result "1-0"]
[WhiteElo "2524"]
[BlackElo "2376"]
[PlyCount "115"]
[EventDate "2011.05.03"]

1. d4 f5 2. g3 Nf6 3. Bg2 g6 4. c4 Bg7 5. Nf3 O-O 6. O-O d6 7. Nc3 c6 8. Rb1 a5
9. d5 Bd7 10. Nd4 Qb6 11. Nc2 Na6 12. b3 Nc5 13. Be3 Qc7 14. Nd4 h6 15. h3 Rae8
16. Rc1 Nh5 17. Qd2 g5 18. Nf3 f4 19. Bxc5 dxc5 20. g4 Nf6 21. Rfd1 e5 22. e4
fxe3 23. Qxe3 e4 24. Nh2 Qf4 25. Nf1 cxd5 26. cxd5 b6 27. Ng3 Qxe3 28. fxe3 Re5
29. a4 Rfe8 30. Rc2 Bf8 31. Rf2 Bg7 32. Bf1 Kf7 33. Bb5 Bxb5 34. Nxb5 Kg6 35.
d6 Rd8 36. Nf5 Rd7 37. Kg2 Nd5 38. Rfd2 Nb4 39. Ne7+ Kh7 40. Nc8 Nd3 41. Nxb6
Rf7 42. d7 Rf8 43. Rf1 Rd8 44. Nd6 Re6 45. Nf7 Rxb6 46. Nxd8 Rd6 47. Rf7 Nf4+
48. exf4 Rxd2+ 49. Kf1 Kg8 50. Rxg7+ Kxg7 51. Ne6+ Kf6 52. d8=Q+ Rxd8 53. Nxd8
gxf4 54. Ke2 Ke5 55. Nc6+ Kd5 56. Nxa5 e3 57. Nc4 Ke4 58. Nxe3 1-0

[Event "41st IT Bosna 2011"]
[Site "Sarajevo"]
[Date "2011.05.06"]
[Round "4.16"]
[White "Kadric, Denis"]
[Black "Milanovic, Danilo"]
[Result "0-1"]
[WhiteElo "2376"]
[BlackElo "2494"]
[PlyCount "96"]
[EventDate "2011.05.03"]

1. e4 d5 2. exd5 Qxd5 3. Nc3 Qd6 4. d4 c6 5. Ne4 Qe6 6. Qe2 Nf6 7. f3 g6 8. g3
Nxe4 9. fxe4 Qd6 10. Nf3 Bg7 11. Bf4 Qb4+ 12. c3 Qa4 13. Bg2 Nd7 14. O-O O-O
15. e5 Nb6 16. b3 Qa5 17. Bd2 h6 18. c4 Qa3 19. Bc3 Na4 20. Bd2 Nb6 21. Bc1 Qa6
22. Bb2 Be6 23. Nd2 Rad8 24. Ne4 Nd7 25. Rf2 b5 26. cxb5 Qxb5 27. Qe3 Qb6 28.
Qc3 Bd5 29. Ba3 Rfe8 30. Raf1 f5 31. exf6 exf6 32. Bc5 Qa6 33. Re1 Bxe4 34.
Rxe4 Rxe4 35. Bxe4 Nxc5 36. Qxc5 f5 37. Bxc6 Rxd4 38. Kg2 Kh7 39. Bf3 h5 40.
Qc6 Qa3 41. Bd5 Qe7 42. Bc4 Re4 43. Qd5 h4 44. Qd2 Re3 45. Bd5 Bc3 46. Qd1 Be1
47. Rf3 Re2+ 48. Kh3 Rd2 0-1

[Event "41st IT Bosna 2011"]
[Site "Sarajevo"]
[Date "2011.05.06"]
[Round "4.17"]
[White "Terzic, Ilijas"]
[Black "Djukic, Nikola"]
[Result "0-1"]
[WhiteElo "2224"]
[BlackElo "2486"]
[PlyCount "82"]
[EventDate "2011.05.03"]

1. d4 Nf6 2. Nf3 g6 3. c4 Bg7 4. Nc3 O-O 5. e4 d6 6. Be3 e5 7. dxe5 dxe5 8.
Qxd8 Rxd8 9. Nd5 Rd7 10. Nxf6+ Bxf6 11. c5 Nc6 12. Bb5 Rd8 13. Bxc6 bxc6 14.
Nd2 Be6 15. O-O-O a5 16. a3 a4 17. Nb1 Rdb8 18. Nc3 Be7 19. Rd2 f5 20. f3 f4
21. Bf2 Kf7 22. Kb1 g5 23. Rc1 h5 24. h3 g4 25. hxg4 hxg4 26. Na2 Rd8 27. Rcd1
Rxd2 28. Rxd2 g3 29. Bg1 Rh8 30. Rd1 Bb3 31. Rc1 Rd8 32. Nb4 Rd2 33. Nxc6 Ke6
34. Na5 Rxg2 35. Nxb3 axb3 36. a4 Rxg1 37. Rxg1 Bxc5 38. Rg2 Be3 39. a5 Kd6 40.
a6 Kc6 41. a7 Kb7 0-1

[Event "41st IT Bosna 2011"]
[Site "Sarajevo"]
[Date "2011.05.06"]
[Round "4.18"]
[White "Al-Sayed, Mohammed"]
[Black "Sutkovic, Damir"]
[Result "1-0"]
[WhiteElo "2485"]
[BlackElo "2320"]
[PlyCount "53"]
[EventDate "2011.05.03"]

1. d4 Nf6 2. c4 d6 3. Nc3 Bf5 4. g3 Ne4 5. Qd3 d5 6. Bg2 Nd6 7. Qd1 dxc4 8. e4
Bc8 9. Nf3 e6 10. O-O Be7 11. Qe2 O-O 12. Rd1 c6 13. a4 Na6 14. e5 Nf5 15. Ne4
Nb4 16. g4 Nh4 17. Nxh4 Bxh4 18. g5 Nd3 19. Qg4 Qxd4 20. Nf6+ gxf6 21. Qxd4
Bxf2+ 22. Qxf2 Nxf2 23. Kxf2 fxe5 24. Be3 b6 25. Bxc6 Rb8 26. Rac1 Ba6 27. Rd7
1-0

[Event "41st IT Bosna 2011"]
[Site "Sarajevo"]
[Date "2011.05.06"]
[Round "4.19"]
[White "Yurtseven, Melih"]
[Black "Fauland, Alexander"]
[Result "0-1"]
[WhiteElo "2050"]
[BlackElo "2478"]
[PlyCount "70"]
[EventDate "2011.05.03"]

1. e4 c5 2. Nf3 g6 3. d4 cxd4 4. Nxd4 Nf6 5. Nc3 Nc6 6. Be3 Bg7 7. Bc4 O-O 8.
Bb3 d6 9. f3 Bd7 10. Qd2 Nxd4 11. Bxd4 b5 12. h4 a5 13. h5 a4 14. Bxf6 exf6 15.
Bd5 a3 16. hxg6 hxg6 17. Bxa8 axb2 18. Rb1 Qxa8 19. Nd5 Re8 20. Rxb2 f5 21. Rb4
Qxa2 22. O-O Bc6 23. Rd1 Bxd5 24. Qxd5 Qxc2 25. Rxb5 fxe4 26. fxe4 Re5 27. Rb8+
Kh7 28. Qd3 Qc5+ 29. Kf1 Rh5 30. Rbb1 Rh4 31. Qf3 Qc4+ 32. Qd3 Qxd3+ 33. Rxd3
Rh1+ 34. Ke2 Rxb1 35. Rxd6 Be5 0-1

[Event "41st IT Bosna 2011"]
[Site "Sarajevo"]
[Date "2011.05.06"]
[Round "4.20"]
[White "Bogut, Zeljko"]
[Black "Kruskic, Mirsad"]
[Result "1-0"]
[WhiteElo "2433"]
[BlackElo "2216"]
[PlyCount "41"]
[EventDate "2011.05.03"]

1. e4 c5 2. Nf3 b6 3. c4 Bb7 4. Nc3 g6 5. d4 cxd4 6. Qxd4 Nf6 7. e5 Nc6 8. Qh4
Ng8 9. Bf4 Bg7 10. O-O-O Rc8 11. b3 h6 12. Qg3 e6 13. Nb5 Kf8 14. Nd6 Rc7 15.
Bd3 Nce7 16. Rhe1 Nf5 17. Bxf5 gxf5 18. Nxf5 exf5 19. e6 fxe6 20. Bxc7 Qe8 21.
Bd6+ 1-0

[Event "41st IT Bosna 2011"]
[Site "Sarajevo"]
[Date "2011.05.06"]
[Round "4.21"]
[White "Ivanisevic, Ivan"]
[Black "Yilmaz, Mustafa"]
[Result "1/2-1/2"]
[WhiteElo "2648"]
[BlackElo "2489"]
[PlyCount "52"]
[EventDate "2011.05.03"]

1. d4 Nf6 2. c4 g6 3. f3 Nc6 4. d5 Ne5 5. e4 d6 6. Nc3 Bg7 7. f4 Ned7 8. Nh3
O-O 9. Be2 Nc5 10. Nf2 Re8 11. Be3 e5 12. dxe6 Bxe6 13. Qd2 Qe7 14. Bxc5 dxc5
15. e5 Nd7 16. O-O-O Nb6 17. Nd5 Bxd5 18. cxd5 f6 19. Rhe1 fxe5 20. fxe5 Rad8
21. Bd3 Nxd5 22. Re4 Nb6 23. Qe2 Qe6 24. Kb1 c4 25. Bc2 Rxd1+ 26. Nxd1 Qd5
1/2-1/2

[Event "41st IT Bosna 2011"]
[Site "Sarajevo"]
[Date "2011.05.06"]
[Round "4.22"]
[White "Firat, Burak"]
[Black "Erdos, Viktor"]
[Result "0-1"]
[WhiteElo "2380"]
[BlackElo "2609"]
[PlyCount "80"]
[EventDate "2011.05.03"]

1. e4 e5 2. Nf3 Nc6 3. Bb5 a6 4. Ba4 Nge7 5. O-O g6 6. c3 Bg7 7. d4 exd4 8.
cxd4 b5 9. Bc2 O-O 10. Nc3 d6 11. h3 Bb7 12. Re1 Rc8 13. Bf4 Na5 14. Qe2 c5 15.
dxc5 Rxc5 16. Rad1 Nc4 17. Bb3 Nxb2 18. Rxd6 Qc8 19. Nb1 Nc4 20. Rdd1 Re8 21.
Be3 Nxe3 22. Qxe3 Nd5 23. Qd2 Nb6 24. Qf4 Nc4 25. Nbd2 Qc7 26. Qxc7 Rxc7 27.
Rc1 Rec8 28. Nxc4 bxc4 29. Bc2 Re7 30. Rb1 Rce8 31. Ba4 Rc8 32. Bc2 c3 33. Rb4
h5 34. Reb1 Rcc7 35. Ne1 Bh6 36. Rd4 Kg7 37. Kf1 a5 38. Ra4 Rc5 39. f3 Rd7 40.
Rd1 Rd2 0-1

[Event "41st IT Bosna 2011"]
[Site "Sarajevo"]
[Date "2011.05.06"]
[Round "4.23"]
[White "Solak, Dragan"]
[Black "Kurajica, Bojan"]
[Result "0-1"]
[WhiteElo "2588"]
[BlackElo "2531"]
[PlyCount "120"]
[EventDate "2011.05.03"]

1. e4 c5 2. Nf3 Nc6 3. Bb5 e6 4. Bxc6 bxc6 5. d3 Ne7 6. h4 d6 7. h5 e5 8. Nbd2
f6 9. Nc4 d5 10. Ne3 Be6 11. b3 Nc8 12. c4 Be7 13. g4 a5 14. a4 dxe4 15. dxe4
Qxd1+ 16. Kxd1 Nd6 17. Nd2 O-O-O 18. Ke2 g6 19. hxg6 hxg6 20. Bb2 Kb7 21. g5
fxg5 22. Rxh8 Rxh8 23. Bxe5 Rh5 24. Rg1 Nf7 25. Bc3 Ka6 26. Ng4 Bd6 27. Nf3 Rh3
28. Bf6 Bf4 29. Ne3 Bxe3 30. fxe3 g4 31. Nh4 Rh2+ 32. Rg2 Rh1 33. Kd3 Rf1 34.
Bc3 Ng5 35. Nxg6 Rd1+ 36. Kc2 Rh1 37. Nf4 Bc8 38. Kd3 Rh7 39. Be1 Rb7 40. Rb2
Rd7+ 41. Ke2 Nxe4 42. Kf1 Rd1 43. Ke2 Ra1 44. Nd3 Bf5 45. Nf2 Ng5 46. e4 g3 47.
Nd3 g2 48. Nxc5+ Kb6 49. Bf2 g1=Q 50. Bxg1 Rxg1 51. Kf2 Rg4 52. b4 axb4 53. Nb3
Nxe4+ 54. Ke3 Nc3 55. a5+ Ka6 56. Nc5+ Kxa5 57. Nb7+ Ka6 58. Rxb4 Nd5+ 59. cxd5
Rxb4 60. dxc6 Kb6 0-1

[Event "41st IT Bosna 2011"]
[Site "Sarajevo"]
[Date "2011.05.06"]
[Round "4.24"]
[White "Abergel, Thal"]
[Black "Rapport, Richard"]
[Result "0-1"]
[WhiteElo "2506"]
[BlackElo "2552"]
[PlyCount "114"]
[EventDate "2011.05.03"]

1. e4 e5 2. Nf3 Nc6 3. Nc3 Nf6 4. Bb5 Bd6 5. O-O O-O 6. a3 h6 7. d3 Re8 8. Ne2
Bc5 9. b4 Bf8 10. Bb2 d6 11. h3 Bd7 12. Bc4 g6 13. Nh2 Bg7 14. f4 a6 15. Bb3
Qe7 16. Qd2 Rf8 17. Rf2 exf4 18. Qxf4 Nh5 19. Qc1 Kh7 20. Bxg7 Nxg7 21. Nf4 Nd4
22. Nd5 Qe5 23. Ba2 c6 24. Nb6 Ne2+ 25. Rxe2 Qd4+ 26. Kh1 Qxb6 27. Qg1 Qxg1+
28. Kxg1 a5 29. c3 axb4 30. axb4 Be6 31. Nf3 Ra3 32. Nd4 Rfa8 33. Nxe6 Nxe6 34.
Rf1 Rxa2 35. Rxf7+ Ng7 36. Rxa2 Rxa2 37. Rxb7 Rd2 38. d4 Rc2 39. Rd7 Rxc3 40.
Rxd6 Re3 41. e5 Rd3 42. Kf2 Nf5 43. Rxc6 Rd2+ 44. Kg1 h5 45. e6 Kg7 46. g4 hxg4
47. hxg4 Nxd4 48. Rc7+ Kf6 49. e7 Re2 50. g5+ Kf7 51. Rc4 Ne6 52. b5 Re5 53.
Rb4 Rxg5+ 54. Kf2 Rf5+ 55. Kg2 Kxe7 56. b6 Rf8 57. b7 Rb8 0-1

[Event "41st IT Bosna 2011"]
[Site "Sarajevo"]
[Date "2011.05.06"]
[Round "4.25"]
[White "Vojinovic, Jovana"]
[Black "Stojanovic, Dalibor"]
[Result "1/2-1/2"]
[WhiteElo "2305"]
[BlackElo "2503"]
[PlyCount "52"]
[EventDate "2011.05.03"]

1. d4 Nf6 2. Nf3 g6 3. c4 Bg7 4. Nc3 O-O 5. e4 d6 6. Be2 Nbd7 7. Be3 e5 8. d5
a5 9. Nd2 Ne8 10. a3 f5 11. Nf3 Nc5 12. O-O f4 13. Bxc5 dxc5 14. Na4 Qe7 15. b4
b6 16. bxc5 bxc5 17. Ne1 Nf6 18. f3 g5 19. Nd3 Nd7 20. Qe1 Ba6 21. Rc1 Rfb8 22.
Qc3 Bf8 23. Rb1 Qe8 24. Rxb8 Qxb8 25. Kh1 Bd6 26. Ndb2 Kf7 1/2-1/2

[Event "41st IT Bosna 2011"]
[Site "Sarajevo"]
[Date "2011.05.06"]
[Round "4.26"]
[White "Mrndjic, Muamer"]
[Black "Dizdarevic, Emir"]
[Result "0-1"]
[WhiteElo "2182"]
[BlackElo "2493"]
[PlyCount "128"]
[EventDate "2011.05.03"]

1. d4 Nf6 2. c4 b6 3. Nc3 Bb7 4. e3 e6 5. a3 d5 6. Nf3 Nbd7 7. Bd3 Bd6 8. O-O
c5 9. b3 O-O 10. Bb2 Rc8 11. Qe2 cxd4 12. exd4 Bf4 13. Ne5 dxc4 14. Bxc4 Nb8
15. g3 Bh6 16. Rad1 Nd5 17. Ne4 g6 18. a4 Qe7 19. Rfe1 Rfd8 20. h4 Nc6 21. Qf3
Bg7 22. h5 Rc7 23. hxg6 hxg6 24. Qe2 Na5 25. Bc1 Nxc4 26. bxc4 Nf6 27. Ng5 Qe8
28. Qa2 Nh7 29. Nxh7 Kxh7 30. Bf4 Re7 31. a5 f6 32. Nd3 Bf3 33. Rd2 g5 34. Re3
Qh5 35. Rxf3 Qxf3 36. Be3 Kg6 37. Ne1 Qe4 38. axb6 axb6 39. Re2 Rh8 40. f3 Qc6
41. Bf2 Rd7 42. c5 Kf7 43. cxb6 Qd5 44. Qxd5 Rxd5 45. Rc2 Rb5 46. Rc7+ Kg6 47.
Rc6 Rb8 48. d5 exd5 49. Bd4 Rb4 50. Bc5 Rb1 51. Kf2 Rb2+ 52. Kg1 Ra8 53. Bd4
Rb3 54. g4 Ra4 55. Bf2 Bf8 56. Rc8 Be7 57. Rc7 Bd8 58. Rd7 Bxb6 59. Bxb6 Rxb6
60. Nd3 Ra2 61. Kf1 Rb1+ 62. Ne1 Rd2 63. Re7 d4 64. Re2 Rdd1 0-1

[Event "41st IT Bosna 2011"]
[Site "Sarajevo"]
[Date "2011.05.06"]
[Round "4.27"]
[White "Spasenovic, Zoran"]
[Black "Nezad, Husein Aziz"]
[Result "0-1"]
[WhiteElo "2131"]
[BlackElo "2433"]
[PlyCount "90"]
[EventDate "2011.05.03"]

1. d4 d5 2. Nf3 Nf6 3. c4 e6 4. Bg5 c6 5. cxd5 exd5 6. Nc3 Be7 7. e3 Bf5 8. Bd3
Bxd3 9. Qxd3 Nbd7 10. O-O O-O 11. Rac1 Re8 12. Rfd1 Ne4 13. Bxe7 Qxe7 14. Nd2
Nd6 15. Ne2 Qg5 16. Ng3 g6 17. Nf3 Qf6 18. Qb3 Re7 19. Ne2 g5 20. h3 Rae8 21.
Ng3 Qg6 22. Qa3 a6 23. Qb4 Re6 24. Qc3 h5 25. Qc2 Kg7 26. Qxg6+ Kxg6 27. Rc2 f5
28. h4 f4 29. exf4 gxf4 30. Nf1 Nf5 31. b3 Kf6 32. a4 Nf8 33. Rd3 Ng6 34. g3
Re4 35. Rcd2 a5 36. Rb2 Rg8 37. Kh2 Nf8 38. Ng5 Re1 39. Nd2 Re2 40. Kg1 Ne6 41.
Nxe6 Rxe6 42. Nf3 fxg3 43. fxg3 Rxg3+ 44. Rg2 Rxg2+ 45. Kxg2 Re4 0-1

[Event "41st IT Bosna 2011"]
[Site "Sarajevo"]
[Date "2011.05.06"]
[Round "4.28"]
[White "Nestorovic, Lazar"]
[Black "Arat, Ufuk Sezen"]
[Result "1/2-1/2"]
[WhiteElo "2419"]
[BlackElo "2053"]
[PlyCount "113"]
[EventDate "2011.05.03"]

1. e4 e5 2. Nf3 Nc6 3. Bb5 a6 4. Ba4 Nf6 5. d3 d6 6. c3 g6 7. O-O b5 8. Bc2 Bg7
9. Nbd2 O-O 10. Re1 Re8 11. d4 Bb7 12. d5 Ne7 13. Nf1 c6 14. dxc6 Nxc6 15. Bg5
h6 16. Bh4 d5 17. exd5 Qxd5 18. Bxf6 Qxd1 19. Raxd1 Bxf6 20. Rd7 Na5 21. Ng3
Bxf3 22. gxf3 Red8 23. Ne4 Bh4 24. Red1 Rxd7 25. Rxd7 Rd8 26. Rxd8+ Bxd8 27.
Nc5 Nc4 28. b3 Nd2 29. Kg2 a5 30. Bd3 b4 31. c4 f5 32. h4 h5 33. Nb7 Bc7 34. c5
Kf7 35. c6 Ke6 36. Nc5+ Kd6 37. Nd7 Kxc6 38. Nf8 Kd6 39. Nxg6 Ke6 40. Nf8+ Ke7
41. Nh7 e4 42. fxe4 fxe4 43. Be2 Bf4 44. Bxh5 Nb1 45. Bg6 Nc3 46. h5 e3 47.
fxe3 Bxe3 48. Kf3 Bh6 49. Kg4 Nxa2 50. Ng5 Bxg5 51. Kxg5 Kf8 52. Kf6 Kg8 53.
Ke5 Nc1 54. Bc2 Kg7 55. Kd4 Kh6 56. Bd1 Nxb3+ 57. Bxb3 1/2-1/2

[Event "41st IT Bosna 2011"]
[Site "Sarajevo"]
[Date "2011.05.06"]
[Round "4.30"]
[White "Strinic, Halid"]
[Black "Kanmazalp, Ogulcan"]
[Result "0-1"]
[WhiteElo "1903"]
[BlackElo "2404"]
[PlyCount "66"]
[EventDate "2011.05.03"]

1. d4 Nf6 2. Nf3 g6 3. c4 Bg7 4. Nc3 O-O 5. e4 d6 6. h3 e5 7. dxe5 dxe5 8. Bg5
Nbd7 9. Be2 c6 10. Qd2 Qc7 11. Be3 Re8 12. O-O Nh5 13. Rfd1 Nf4 14. Bf1 Bf8 15.
Na4 Nf6 16. Nc3 N6h5 17. Qc2 Qe7 18. Ne2 Qf6 19. Nxf4 Nxf4 20. Ne1 g5 21. f3 h5
22. Nd3 Bh6 23. Nxf4 gxf4 24. Bf2 Kh7 25. c5 Rg8 26. Kh1 Bg5 27. Rd6 Qe7 28.
Rad1 Bh4 29. Qd2 Bxf2 30. Qxf2 Be6 31. b3 Rg3 32. R1d2 Rag8 33. Rd1 Qh4 0-1